00674nam a2200205Ia 4500003000400000005001700004008004100021020001300062040002900075050002600104100006500130245002200195250001200217260003000229300002500259650002800284942001200312952012900324999001500453OSt20230315121936.0230105s9999||||xx |||||||||||||| ||und|| a72904437 cChuka University Library aSBL QE 28.2bP56 2001 aCharles C. Plummer, David mcGeary and Biane H. Carlson94272 0aPhysical geology  a8th ed. aBostonb McGrawhillc2001 a578pbincludes index aPhysical geology 98794 cBK2lcc 00102lcc40708LGLaCHKbCHKcGENd2023-01-05l0oSBL QE 28.2 .P56 2001p2492/2007r2023-01-05 00:00:00t4w2023-01-05yBK c6846d6846